Wsi w gminie Kołbiel - Statystyki

Ogólne statystyki
  • Ten quiz został rozwiązany 3 razy
  • Średni wynik to 9 z 28
Statystyki odpowiedzi
Ilość mieszkańców Wieś % Poprawnych
90 Antoninek
67%
1821 Kołbiel
67%
211 Sępochów
67%
198 Bocian
33%
42 Borków
33%
435 Chrosna
33%
167 Chrząszczówka
33%
397 Człekówka
33%
252 Dobrzyniec
33%
507 Gadka
33%
137 Głupianka
33%
60 Gózd
33%
566 Kąty
33%
400 Lubice
33%
53 Nowa Wieś
33%
106 Podgórzno
33%
168 Radachówka
33%
402 Rudno
33%
627 Rudzienko
33%
111 Skorupy
33%
54 Stara Wieś Druga
33%
308 Sufczyn
33%
248 Wola sufczyńska
33%
110 Oleksin
0%
275 Karpiska
0%
135 Siwianka
0%
128 Teresin
0%
184 Władzin
0%
Nie znaleziono quizów pasujących do podanych kryteriów
Rozkład punktacji
Procent ludzi z każdym wynikiem
Percentyl według liczby udzielonych odpowiedzi
Twoja historia wyników
Nie rozwiązałeś tego quizu